| 000 | 00755nam a2200193 a 4500 | ||
|---|---|---|---|
| 005 | 20220604063702.0 | ||
| 008 | 030117s2008 mx r 000 0 spa d | ||
| 020 | _a9789295068049 | ||
| 035 | _aUPN01000121430 | ||
| 049 | _aCG | ||
| 050 | 4 |
_aJC599 M6 _bM4.4 |
|
| 245 | 0 | 0 |
_aMemoria de las mesas de estudio sobre la reforma constitucional en derechos humanos : _bun análisis desde las obligaciones internacionales / _ccoord. Citlain Castañeda de la Mora. |
| 260 |
_aMéxico : _bONU : _bSenado de la República, LX Legislatura, _c2008. |
||
| 300 | _a170 p. | ||
| 650 | 4 |
_aDerechos humanos _zMéxico _95183 |
|
| 610 | 1 | 4 |
_aMEXICO. _tCONSTITUCION POLITICA (1917) - _xREFORMAS, ETC. _918435 |
| 700 | 1 |
_aCastañeda de la Mora, Citlalin, _ecoord. |
|
| 905 | _aLibro | ||
| 999 |
_c93679 _d93679 |
||